| 000 | 01139nam a2200325 i 4500 | ||
|---|---|---|---|
| 003 | EG-GICUC | ||
| 005 | 20260208163116.0 | ||
| 008 | 260208s1970 fr ||fr|||| 001 0 fre d | ||
| 040 |
_aEG-GiCUC _bfre _cEG-GiCUC _dEG-GiCUC _eRda |
||
| 041 | 0 | _afre | |
| 082 | 0 | 4 |
_221 _a341.84 _bHO . C |
| 092 | 0 | 4 | _221 |
| 099 | _aLaw1 12 341.84 HO . C 1970 | ||
| 100 | 1 |
_aHolleaux, Dominique _eAuteur |
|
| 245 | 1 | 3 |
_aCompétence Du Juge Étranger Et Reconnaissance Des Jugements / _cPar Dominique Holleaux; Préface De Henri Batiffol. |
| 264 | 3 |
_aParis : _bLibrairie Dalloz, _c1970. |
|
| 300 |
_a456 page, _c24 cm. |
||
| 336 |
_2rda contenu _a texte |
||
| 337 |
_2rda medias _aOrdinateur |
||
| 338 |
_2 transporteur rda _a Ressource en ligne |
||
| 490 |
_aBibliothèque De Droit International Privé _vVolume Ix |
||
| 504 | _aComprend des références bibliographiques et un index. | ||
| 546 | _aTexte en français | ||
| 650 | 1 | 4 |
_aDroit international privé _2 |
| 651 | 1 | _2 | |
| 700 | 1 |
_aBatiffol, Henri _ePréfacier |
|
| 856 | 4 | 0 | _uhttps://fll.law.cu.edu.eg/fulltext/bks/B12-01855.pdf |
| 905 | _a48 | ||
| 942 |
_2ddc _cBK _e21 _n0 |
||
| 999 |
_c61686 _d61686 |
||